|
|
|
|
| LEADER |
00000nab a2200000 a 4500 |
| 001 |
vtls000758146 |
| 003 |
SK-MaSNL |
| 005 |
20260304182536.0 |
| 008 |
250429c2001 xo 0 slo |
| 015 |
|
|
|a SNBRB2001/05-16158
|
| 035 |
|
|
|a CLN000109933
|
| 035 |
|
|
|a urn:nbn:sk:snk-ab1iej
|
| 035 |
|
|
|a (urnnbn)urn:nbn:sk:snk:ar-0040ba
|
| 035 |
|
|
|a (uuid)42a82744-7851-45cd-8ff1-b99724534a2d
|
| 040 |
|
|
|a SNKBUCL
|b slo
|c SNKBUCL
|e AACR2
|
| 041 |
0 |
|
|a slo
|
| 044 |
|
|
|a xo
|c SK
|
| 080 |
|
|
|a 355.489(437.6)"1944"
|2 1997
|
| 080 |
|
|
|a 940.53
|2 1997
|
| 080 |
|
|
|a 943.76"1944"
|2 1997
|
| 100 |
1 |
|
|a Kment, Roman
|4 aut
|9 267467
|
| 245 |
1 |
0 |
|a Dráma nad Zohorom
|c Roman Kment
|
| 300 |
|
|
|b Fotogr., sch.
|
| 650 |
0 |
7 |
|a druhá svetová vojna (1939-1945)
|2 snkbucl
|9 169657
|
| 650 |
0 |
7 |
|a vojenskí letci
|2 snkbucl
|9 75808
|
| 651 |
|
7 |
|a Slovensko
|x dejiny
|2 snkbucl
|9 13278
|
| 655 |
|
7 |
|a články z novín a časopisov
|2 snkbucl
|9 267496
|
| 773 |
0 |
|
|t Armáda
|g Roč. 9, č. 4 (2001), s. 20-21
|x 1335-0463
|
| 850 |
|
|
|a Slovenská národná knižnica
|
| 852 |
|
|
|a Slovenská národná knižnica
|
| 954 |
|
|
|a odborná, vedecká literatúra pôvodná (slovenská)
|2 lita
|
| 958 |
|
|
|a article2022
|
| 958 |
|
|
|a OS
|
| 958 |
|
|
|a SK
|
| 958 |
|
|
|a US
|
| 958 |
|
|
|a OND
|
| 958 |
|
|
|a EUIPO
|
| 992 |
|
|
|a RBX
|
| 999 |
|
|
|c 3029902
|d 3031832
|